|
|
|
|
| LEADER |
00000naa2a2200000 4500 |
| 001 |
143614 |
| 005 |
20231031143258.0 |
| 035 |
|
|
|a (RuTPU)RU\TPU\book\155636
|
| 090 |
|
|
|a 143614
|
| 100 |
|
|
|a 20080922d2005 k y0rusy50 ca
|
| 101 |
0 |
|
|a rus
|
| 102 |
|
|
|a RU
|
| 200 |
1 |
|
|a Архитектура программного комплекса планирования и организации учебного процесса в вузе
|f К. А. Каликин, И. А. Ботыгин
|
| 463 |
|
0 |
|0 (RuTPU)RU\TPU\book\118408
|t Молодежь и современные информационные технологии
|o сборник трудов III Всероссийской научно-практической конференции студентов, г. Томск, 15 февраля - 17 февраля 2005 г.
|f Томский политехнический университет
|v С. 24-26
|d 2005
|p 284 с.
|
| 610 |
1 |
|
|a программные комплексы
|
| 610 |
1 |
|
|a планирование
|
| 610 |
1 |
|
|a организация
|
| 610 |
1 |
|
|a учебные процессы
|
| 610 |
1 |
|
|a обучение
|
| 610 |
1 |
|
|a вузы
|
| 610 |
1 |
|
|a учебные планы
|
| 610 |
1 |
|
|a модули контроля
|
| 610 |
1 |
|
|a базы данных
|
| 610 |
1 |
|
|a труды учёных ТПУ
|
| 700 |
|
1 |
|a Каликин
|b К. А.
|
| 701 |
|
1 |
|a Ботыгин
|b И. А.
|
| 801 |
|
1 |
|a RU
|b 63413507
|c 20080922
|g PSBO
|
| 801 |
|
2 |
|a RU
|b 63413507
|c 20180123
|g RCR
|
| 942 |
|
|
|c BK
|